| 000 | 01012cam a22002653a 4500 | ||
|---|---|---|---|
| 001 | 27183 | ||
| 003 | PGUSA | ||
| 005 | 20140828083604.0 | ||
| 008 | 081107s2008||||xxu|||||s|||||000 | eng d | ||
| 040 |
_aPGUSA _beng |
||
| 042 | _adc | ||
| 050 | 4 | _aN | |
| 100 | 1 |
_aNoyes, Carleton Eldredge, _d1872-1950 |
|
| 245 | 1 | 4 |
_aThe Gate of Appreciation : _bStudies in the Relation of Art to Life _h[electronic resource] / _cCarleton Eldredge Noyes |
| 260 |
_bProject Gutenberg, _c2008 |
||
| 505 | 0 | _aThe impulse to expression -- The attitude of response -- Technique and the layman -- The value of the medium -- The background of art -- The service of criticism -- Beauty and common life -- The arts of form -- Representation -- The personal estimate. | |
| 506 | _aPublic domain in the USA. | ||
| 516 | _aElectronic text | ||
| 653 | _aAesthetics | ||
| 653 | _aArt appreciation | ||
| 653 | _aArt criticism | ||
| 830 | 0 |
_aProject Gutenberg _v27183 |
|
| 856 | 4 | 0 | _uhttp://www.gutenberg.org/ebooks/27183 |
| 942 | _cEB | ||
| 999 |
_c256438 _d256438 |
||